Zdravotná politika a verejné zdravotné poistenie

Zdravotná politika v čase globálnej krízy. Povinné verejné zdravotné poistenie. Vývoj vybraných makroekonomických ukazovateľov. Vývoj štruktúry a výšky disponibilných zdrojov v zdravotníctve. Solidarita v zdravotníctve. Unitárny systém zdravotných poisťovní. Decentralizácia a jej dôsledky.

Saved in:
Bibliographic Details
Main Author: Stanek, Vojtech
Other Authors: Dudová, Iveta
Format: Book Chapter
Language:Slovak
Subjects:
Tags: Add Tag
No Tags, Be the first to tag this record!

MARC

LEADER 00000naa a2200000 4500
001 0191030
005 20220718124033.4
041 0 |a slo 
044 |a SK 
245 1 0 |a Zdravotná politika a verejné zdravotné poistenie  |c Vojtech Stanek, Iveta Dudová 
520 |a Zdravotná politika v čase globálnej krízy. Povinné verejné zdravotné poistenie. Vývoj vybraných makroekonomických ukazovateľov. Vývoj štruktúry a výšky disponibilných zdrojov v zdravotníctve. Solidarita v zdravotníctve. Unitárny systém zdravotných poisťovní. Decentralizácia a jej dôsledky. 
610 2 0 |a poistenie zdravotné 
610 2 0 |a Slovensko 
610 2 0 |a ukazovatele makroekonomické 
610 2 0 |a politika zdravotná 
610 2 0 |a poisťovne zdravotné 
100 1 |a Stanek, Vojtech 
700 1 |a Dudová, Iveta